Kontrolní procesy

Na minha lista:
Detalhes bibliográficos
Autor principal: Mareš, Svatopluk
Formato: Livro
Idioma:tcheco
Publicado em: Praha VŠE - Fakulta řízení 1989
Edição:1. vyd.
Tags: Adicionar Tag
Sem tags, seja o primeiro a adicionar uma tag!

MARC

LEADER 00000nam a2200000 4500
001 c029882
005 20221215120121.7
041 0 |a cze 
044 |a CZ 
245 1 0 |a Kontrolní procesy  |c Svatopluk Mareš 
250 |a 1. vyd. 
264 1 |a Praha  |b VŠE - Fakulta řízení  |c 1989 
300 |a 122 s. 
100 1 |a Mareš, Svatopluk